Normal view
MARC view
- Kishore S. Trivedi
Entry Personal Name
001 - CONTROL NUMBER
- control field: 124427
003 - CONTROL NUMBER IDENTIFIER
- control field: NUST
005 - DATE AND TIME OF LATEST TRANSACTION
- control field: 20240711123133.0
008 - FIXED-LENGTH DATA ELEMENTS
- fixed length control field: 240711|| aca||aabn | a|a d
040 ## - CATALOGING SOURCE
- Original cataloging agency: NUST
- Transcribing agency: NUST
100 ## - HEADING--PERSONAL NAME
- Personal name: Kishore S. Trivedi
670 ## - SOURCE DATA FOUND
- Source citation: Work cat.: (NUST): Kishore S. Trivedi, Probability & Statistics with Reliability, Queuing, and Computer Science applications, 1992.
